| 000 | 00984nam a22002297a 4500 | ||
|---|---|---|---|
| 999 |
_c787 _d787 |
||
| 003 | AR-CdUCM | ||
| 008 | 190225b ||||| |||| 00| 0 spa d | ||
| 020 | _a9681618807 | ||
| 040 |
_aMUNICIPALIDAD PROVINCIAL DEL CUSCO _cBIBLIOTECA MUNICIPAL DEL CUSCO |
||
| 082 |
_a972.04 / _bSI56 |
||
| 100 |
_aSims, Harold D _93002 |
||
| 245 | _aLa expulsión de los españoles de México (1821-1828) / | ||
| 260 |
_aMéxico : _bFondo de cultura económica, _c1974. |
||
| 300 |
_a295 páginas ; _c21 cm. |
||
| 440 |
_aLecturas mexicanas _n79 _93003 |
||
| 505 | _aContenido: La posición de los españoles en el México independiente -- El gobierno federal destituye a sus empleados españoles -- Evolución en los estados e las leyes de empleos -- La revuelta armada se propaga a toda la federación -- Evolución en los estados de las leyes de expulsion ... | ||
| 650 |
_aHistoria _9136 |
||
| 650 |
_aMéxico _918 |
||
| 650 |
_aPolitica _9291 |
||
| 942 |
_2ddc _cLIBROS |
||
| 945 |
_aafb _d2019-02-25 |
||